Japonský úspech: vzdelaní pracovníci Ani päťdesiatnici sa nehanbia sadnúť do lavíc a pokračovať vo vzdelávaní

Dôležité faktory hospodárskeho úspechu Japonska. Firemný systém vzdelávania v Japonsku. Vysoká vzdelanosť pracovníkov. Systém vzdelávania po nástupe do zamestnania. Systém školení a ďalšie profesijné zdokonaľovanie.

Salvato in:
Dettagli Bibliografici
Autore principale: Gartner, A.
Natura: Capitolo di libro
Lingua:slovacco
Soggetti:
Tags: Aggiungi Tag
Nessun Tag, puoi essere il primo ad aggiungerne!!

MARC

LEADER 00000naa a2200000 4500
001 r017311
005 20221213100442.0
041 0 |a slo 
044 |a SK 
245 1 0 |a Japonský úspech: vzdelaní pracovníci  |b Ani päťdesiatnici sa nehanbia sadnúť do lavíc a pokračovať vo vzdelávaní  |c A. Gartner 
520 |a Dôležité faktory hospodárskeho úspechu Japonska. Firemný systém vzdelávania v Japonsku. Vysoká vzdelanosť pracovníkov. Systém vzdelávania po nástupe do zamestnania. Systém školení a ďalšie profesijné zdokonaľovanie. 
610 2 0 |a vzdelanie 
610 2 0 |a vzdelanosť 
610 2 0 |a Japonsko 
610 2 0 |a úspech pracovný 
610 2 0 |a kariéra 
610 2 0 |a vzdelávanie permanentné 
610 2 0 |a školenie odborné 
100 1 |a Gartner, A.